书目信息 |
| 题名: |
教育展望
|
|
| 作者: | 王建磐 主编 ;联合国教科文组织 撰著 | |
| 分册: | Vol.xxxv, No. 1, March 2005 在不同的情境脉络中评价学生的成绩 | |
| 出版信息: | 上海 华东师范大学出版社 2006 |
|
| 页数: | 147页, [8] 页图版 | |
| 开本: | 24cm | |
| 丛书名: | ||
| 单 册: | ||
| 中图分类: | G40-55 , G424.7 | |
| 科图分类: | ||
| 主题词: | 教育学--丛刊 , 学习成绩--评价--对比研究--世界 | |
| 电子资源: | ||
| ISBN: | 7-5617-4614-8 | |
| 000 | 01250nam0 2200289 450 | |
| 001 | 1555046523 | |
| 005 | 20150128151754.98 | |
| 010 | @a7-5617-4614-8@dCNY38.00 | |
| 099 | @aCAL 012006056730 | |
| 100 | @a20060413d2006 em y0chiy0110 ea | |
| 101 | 0 | @achi |
| 102 | @aCN@b310000 | |
| 105 | @aak z 000yy | |
| 200 | 1 | @a教育展望@9jiao yu zhan wang@d= Prospects@hVol.xxxv, No. 1, March 2005@i在不同的情境脉络中评价学生的成绩@f联合国教科文组织国际教育局@zeng |
| 210 | @a上海@c华东师范大学出版社@d2006 | |
| 215 | @a147页, [8] 页图版@c图 (部分彩图)@d24cm | |
| 314 | 2 | @a主编王建磐取自编委会专页 |
| 330 | @a本书分设了“观点/争鸣”、“评价学生的成绩”、“动向/案例”、“教育家简介”、“中国教育发展与研究”五个专栏,收录了《面向所有年轻人的优质教育:挑战、趋势和优先事项》、《将教育指标用于教育政策:预测教育年限》等文章。 | |
| 517 | 1 | @a在不同的情境脉络中评价学生的成绩@9zai bu tong de qing jing mai luo zhong ping jia xue sheng de cheng ji |
| 606 | 0 | @a教育学@x丛刊 |
| 606 | 0 | @a学习成绩@x评价@x对比研究@y世界 |
| 690 | @aG40-55@v5 | |
| 690 | @aG424.7@v5 | |
| 701 | 0 | @a王建磐@9wang jian pan@4主编 |
| 711 | 02 | @a联合国教科文组织@9lian he guo jiao ke wen zu zhi@b国际教育局@4撰著 |
| 801 | 0 | @aCN@bTSSF@c20150128 |
| 905 | @aZUCC@dG40-55@eJY1 | |
| 教育展望= Prospects.Vol.xxxv, No. 1, March 2005.在不同的情境脉络中评价学生的成绩/联合国教科文组织国际教育局.-上海:华东师范大学出版社,2006 |
| 147页, [8] 页图版:图 (部分彩图);24cm |
| ISBN 7-5617-4614-8:CNY38.00 |
| 本书分设了“观点/争鸣”、“评价学生的成绩”、“动向/案例”、“教育家简介”、“中国教育发展与研究”五个专栏,收录了《面向所有年轻人的优质教育:挑战、趋势和优先事项》、《将教育指标用于教育政策:预测教育年限》等文章。 |
| ● |
| 相关链接 |
|
|
|
|
正题名:教育展望
索取号:G40-55/JY1
 
预约/预借
| 序号 | 登录号 | 条形码 | 馆藏地/架位号 | 状态 | 备注 |
| 1 | 7859400 | 278594004 | 学院路分馆/ [索取号:G40-55/JY1] | 在馆 | |
| 2 | 7859401 | 278594013 | 学院路分馆/ [索取号:G40-55/JY1] | 在馆 |